| 000 | 00441nam a2200181Ia 4500 | ||
|---|---|---|---|
| 001 | 20024 | ||
| 005 | 20260306172735.0 | ||
| 008 | 260306t2006||||xx |||||||||||||| ||spa|| | ||
| 041 | _aESP | ||
| 082 |
_a342.211 _bB53 |
||
| 100 |
_aBidart Campos, Germán _eAUT |
||
| 245 | 0 | _aTeoría general de los derechos humanos | |
| 260 | _c2006 | ||
| 300 |
_a444 páginas : _c23 cm. |
||
| 650 | _aGEN | ||
| 654 | _aCDE | ||
| 942 |
_cLIB _dJUS _fJUS _2ddc _n |
||
| 999 |
_c20024 _d20024 |
||